[Event "Sant Boi City-ch Promocio"]
[Site "Sant Boi de Llobregat"]
[Date "2015.11.21"]
[Round "8.1"]
[White "Escoriza Gallardo, Pedro"]
[Black "Orts Gonzalez, Rafael"]
[Result "1-0"]
[WhiteElo "1643"]
[BlackElo "1447"]
[PlyCount "66"]
[EventDate "2015.10.03"]
[EventType "swiss"]
[EventRounds "9"]
[EventCountry "ESP"]
[SourceTitle "EXT 2024"]
[Source "ChessBase"]
[SourceDate "2023.10.10"]
[SourceVersion "1"]
[SourceVersionDate "2023.10.10"]
[SourceQuality "1"]

1. e4 b6 2. d4 Bb7 3. Nc3 e6 4. Bd3 f5 5. Nf3 Nf6 6. Bg5 fxe4 7. Bxe4 h6 8. Bxb7 hxg5 9. Bxa8 c6 10. Qd3 Rh6 11. Nxg5 Ng4 12. Nge4 Qc7 13. Qg3 Qxg3 14. Nxg3 Rf6 15. 0-0 Bd6 16. Nce4 Bxg3 17. Nxf6+ Nxf6 18. fxg3 Kd8 19. Rf4 Kc7 20. c4 d5 21. cxd5 exd5 22. Re1 Nbd7 23. Rc1 c5 24. dxc5 Nxc5 25. b4 Kb8 26. bxc5 Kxa8 27. cxb6 axb6 28. Rc7 d4 29. Rxg7 Ne8 30. Rg8 Kb7 31. Rxe8 d3 32. Rd4 d2 33. Rxd2 Ka6 1-0

[Event "Sant Boi City-ch Promocio"]
[Site "Sant Boi de Llobregat"]
[Date "2015.11.14"]
[Round "7.1"]
[White "Porta Guiu, Lourdes"]
[Black "Escoriza Gallardo, Pedro"]
[Result "1-0"]
[WhiteElo "1671"]
[BlackElo "1643"]
[PlyCount "77"]
[EventDate "2015.10.03"]
[EventType "swiss"]
[EventRounds "9"]
[EventCountry "ESP"]
[SourceTitle "EXT 2024"]
[Source "ChessBase"]
[SourceDate "2023.10.10"]
[SourceVersion "1"]
[SourceVersionDate "2023.10.10"]
[SourceQuality "1"]

1. d4 d5 2. Bf4 Nf6 3. Nf3 Bf5 4. e3 Nc6 5. c3 e6 6. Nbd2 Bd6 7. Bg3 0-0 8. Be2 Qe7 9. 0-0 Bxg3 10. hxg3 Ne4 11. Nxe4 Bxe4 12. Nh4 g5 13. f3 gxh4 14. fxe4 hxg3 15. Rf4 Kh8 16. Qe1 Rg8 17. Kf1 dxe4 18. Rxe4 Qf6+ 19. Bf3 Qf5 20. Ke2 Qb5+ 21. Kd2 Qxb2+ 22. Kd3 Ne7 23. Qh1 Nd5 24. Rc1 Qxa2 25. Rh4 Rg7 26. e4 Qa6+ 27. Kc2 Ne3+ 28. Kd2 Nc4+ 29. Kc2 Qa2+ 30. Kd3 Nb2+ 31. Ke3 Nc4+ 32. Kd3 e5 33. Ra1 Qb3 34. Rb1 Qa4 35. Ra1 Qb5 36. Rb1 Qc6 37. d5 Qc5 38. Re1 Nb2+ 39. Kc2 1-0

[Event "Sant Boi City-ch Promocio"]
[Site "Sant Boi de Llobregat"]
[Date "2015.10.03"]
[Round "1.1"]
[White "Castellvell Diez, Maria Nuria"]
[Black "Escoriza Gallardo, Pedro"]
[Result "0-1"]
[WhiteElo "1292"]
[BlackElo "1643"]
[PlyCount "81"]
[EventDate "2015.10.03"]
[EventType "swiss"]
[EventRounds "9"]
[EventCountry "ESP"]
[SourceTitle "EXT 2024"]
[Source "ChessBase"]
[SourceDate "2023.10.10"]
[SourceVersion "1"]
[SourceVersionDate "2023.10.10"]
[SourceQuality "1"]

1. e4 e5 2. Nf3 Nc6 3. d3 Nf6 4. Be2 d5 5. Nc3 Bb4 6. Bd2 d4 7. Nb1 Bxd2+ 8. Qxd2 0-0 9. 0-0 Re8 10. c3 b6 11. c4 Bg4 12. h3 Bxf3 13. Bxf3 Qd6 14. Na3 a6 15. Rac1 Qb4 16. Qc2 Qc5 17. Rb1 Nb4 18. Qb3 Nc6 19. g4 Qb4 20. Qd1 h6 21. Bg2 b5 22. Rc1 Re6 23. b3 Qxa3 24. Ra1 bxc4 25. dxc4 Nb4 26. Qd2 a5 27. f4 Nc6 28. f5 Rd6 29. g5 hxg5 30. Qxg5 d3 31. Bf3 Qc5+ 32. Kh2 d2 33. Rg1 g6 34. fxg6 Qf2+ 35. Kh1 Qxf3+ 36. Kh2 Qf4+ 37. Kh1 Qxg5 38. Rxg5 d1Q+ 39. Rg1 Qf3+ 40. Kh2 Rd2+ 41. Rg2 0-1